Modern City by Empire - Statistics

General Stats
  • This quiz has been taken 549 times
    386 since last reset
  • The average score is 7 of 14
Answer Stats
Empire Answer % Correct
British Empire New York City, Cairo, Karachi...
91%
Dutch Empire New York City, Cape Town, Jakarta...
77%
Japanese Empire Pyongyang, Busan, Taipei...
74%
Incan Empire Lima, Santiago
70%
Mongol Empire Shanghai, İzmir, Moscow...
65%
French Colonial Empire Algiers, Ho Chi Minh City, Damascus...
63%
Archimedean Empire Istanbul, Baghdad, Kabul...
56%
Portuguese Empire Rio de Janerio, Casablanca, Kolkata...
53%
Roman Empire Istanbul, Paris, Amman...
46%
Mughal Empire Karachi, Faisalabad, Dhaka...
43%
Russian Empire Kiev, Tashkent
28%
Spanish Empire Los Angeles, Medellin, Buenos Aires...
20%
Umayyad Caliphate Madrid, Mecca, Tehran...
13%
Songhai Empire Dakar, Kano
5%
No matching quizzes found
Score Distribution
Percent of People with Each Score
Percentile by Number Answered
Your Score History
You have not taken this quiz since the last reset